• 首页
  • 本馆介绍
  • 公告通知
  • 最新文献
  • 馆藏检索
  • 电子资源
  • 读者导购
  • 参考咨询
  • 我的图书馆
  • 登录
  • 详细信息显示
  • 放入我的书架
  • 预约/预借图书
  • 作者相关作品
  • 分类相关作品
  • 丛书相关作品
  • 出版社相关作品

书目信息

  • 表格格式
  • 工作单格式
  • 卡片格式
题名:
最新世界地图集
    
 
作者: 黄秀莲 , 沈文轩 主编
分册:  
出版信息: 北京   中国地图出版社  1992.12
页数: 98,109页
开本: 26cm
丛书名:
单 册:
中图分类: K991
科图分类:
主题词: 世界地图
电子资源:
ISBN:
000 00647nam0 2200229 45
001 0197013379
005 20050105112957.4
010    @b精装@dCNY31.50@z7-5031-1170-7
100    @a19970603d1992 emky0chiy0121 ea
101 0  @achi
102    @aCN@b110000
105    @ab z 001yy
200 10 @a最新世界地图集@Azui xin shi jie di tu ji@f黄秀莲,沈文轩主编@FHuang Xiu Lian,Shen Wen Xuan Zhu Bian
205    @a2版
210    @a北京@c中国地图出版社@d1992.12
215    @a98,109页@d26cm
606    @a世界地图
690    @aK991@v3
701  0 @a黄秀莲@4主编
701  0 @a沈文轩@4主编
801  0 @aCN@bNLC@c19970620
905    @f1@b258653@dK991@e28=2
    
    最新世界地图集/黄秀莲,沈文轩主编.-2版.-北京:中国地图出版社,1992.12
    98,109页;26cm
    
    
    ISBN (精装):CNY31.50
    
●
相关链接 在E读中查询图书 在五车中查询图书 在当当中查询图书 在豆瓣中查询图书


正题名:最新世界地图集     索取号:K991/28=2         预约/预借

序号 登录号 条形码 馆藏地/架位号 状态 备注
1 0258653   000082911   第二样本阅览室/ [索取号:K991/28=2] 在馆    
唐山师范学院图书馆 欢迎您!
大连网信软件有限公司© 版权所有